01520nam a2200349 a 4500001001000000003000500010005001700015008004100032010001100073011001100084040000900095090001000104100003700114245017200151260004100323500006000364502008200424590004000506590004000546590004000586590004000626650004000666650004400706650004200750856007000792901000700862942001000869942000600879999001900885952013100904952013501035000113841CHAP20220329144415.0170929s2017 mx sm |||||||spa d a110302 a111274 cCHAP aTesis1 aPeralta Zuñiga, Kathia913354810aDeterminación de pérdidas de nitrógeno reactivo derivadas del uso de fertilizantes inorgánicos en cultivo de maízh[En línea]cpor Kathia Peralta Zuñiga. aChapingo, Méx. :bEl autor,c2017. aPara ver el contenido del material haga clic en la liga aTesis (Ing. en Recursos Naturales Renovables) -- UACH. Departamento de Suelos aE6339RRRb05c20170929lUCH01h1119 aE6339RRRb05c20170929lUCH01h1120 aE6339RRRb05c20170929lUCH01h1122 aE6339RRRb05c20170929lUCH01h112514aFertilizantesxAplicación.94045014aFertilizantesxEfecto en suelos.94055314aNitrógenoxEfecto en maíz.981447 aFinding aiduhttp://10.13.5.2/tesis/sist113841.pdfzTeclea aquí aBK cTESIS n0 c110302d110302 00104054718TESISaBCbBCd2017-09-29fTESISl0oTesisp113843-10r2019-12-31 00:00:00w2019-12-31yTESISzRecien adquirido 00102local4053708TESISaBCbBCcPA_TESISd2017-09-29fTESISl0oTesisp113843-20r2019-12-31 00:00:00tc.2w2019-12-31yTESIS